Новые возможности сервиса в информационном пространстве; Актуальные проблемы гуманитарных наук

Detaylı Bibliyografya
Parent link:Актуальные проблемы гуманитарных наук.— 2005.— С. 393-394
Yazar: Тян Т. Г.
Dil:Rusça
Baskı/Yayın Bilgisi: 2005
Konular:
Materyal Türü: MixedMaterials Kitap Bölümü
KOHA link:https://koha.lib.tpu.ru/cgi-bin/koha/opac-detail.pl?biblionumber=140026

MARC

LEADER 00000naa2a2200000 4500
001 140026
005 20231031141933.0
035 |a (RuTPU)RU\TPU\book\151696 
090 |a 140026 
100 |a 20080618d2005 k y0rusy50 ca 
101 0 |a rus 
102 |a RU 
200 1 |a Новые возможности сервиса в информационном пространстве  |f Т. Г. Тян 
320 |a Библиогр.: 5 назв. 
463 0 |0 (RuTPU)RU\TPU\book\118298  |t Актуальные проблемы гуманитарных наук  |o труды IV международной научно-практической конференции студентов, аспирантов и молодых ученых, 20-21 апреля 2005, Томск  |f Томский политехнический университет  |v С. 393-394  |d 2005  |p 458 с. 
610 1 |a информационные технологии 
610 1 |a серсис 
610 1 |a обслуживание 
610 1 |a туристические услуги 
610 1 |a виртуальная охота 
610 1 |a ИНтернет 
610 1 |a инвалиды 
610 1 |a труды учёных ТПУ 
700 1 |a Тян  |b Т. Г. 
801 1 |a RU  |b 63413507  |c 20080618  |g PSBO 
942 |c BK